[Event "Konnerud Autumn"]
[Site "Konnerud"]
[Date "2017.11.22"]
[Round "8"]
[White "Andersson, Oivind"]
[Black "Nielsen, Christoffer"]
[Result "0-1"]
[WhiteElo "1546"]
[BlackElo "1503"]
[PlyCount "98"]
[EventDate "2017.09.20"]
[EventType "swiss"]
[EventRounds "9"]
[EventCountry "NOR"]
[SourceTitle "EXT 2024"]
[Source "ChessBase"]
[SourceDate "2023.10.10"]
[SourceVersion "1"]
[SourceVersionDate "2023.10.10"]
[SourceQuality "1"]

1. e4 e6 2. f4 d5 3. e5 c5 4. Nf3 f6 5. c3 a6 6. d4 Nc6 7. Be2 Qb6 8. b3 cxd4 9. Nxd4 Nxd4 10. Qxd4 Bc5 11. Qd3 f5 12. Nd2 Bf2+ 13. Kd1 Bd7 14. Rf1 Be3 15. Nf3 Bc5 16. Nd4 Rc8 17. Be3 Qc7 18. Rc1 Ne7 19. Rf3 Nc6 20. Qd2 Qb6 21. b4 Nxd4 22. bxc5 Nxf3 23. Bxf3 Qd8 24. Rb1 Bb5 25. Bh5+ g6 26. Be2 Bxe2+ 27. Kxe2 Qd7 28. Qb2 Rc7 29. Qb6 0-0 30. Qd6 Rd8 31. Rb6 Rc6 32. Qxd7 Rxd7 33. a4 Rxb6 34. cxb6 Kg7 35. a5 Kh6 36. g3 Kh5 37. h3 Rd8 38. Bc5 Rc8 39. Bb4 Rc4 40. Kd3 h6 41. Ke3 g5 42. Kf3 d4 43. g4+ Kh4 44. gxf5 exf5 45. e6 dxc3 46. e7 Re4 47. Ba3 c2 48. fxg5 hxg5 49. Bc1 Rxe7 0-1